000 00492nam a2200181Ia 4500
005 20250508150746.0
008 008 250505s9999 xx 000 0 eng d
037 _aTextual
040 _aFEDL
_beng
_cFEDL
041 _aeng
_2eng
084 _a911, BLA
_qFEDL
100 _aBlache P Vidal De La
245 0 _aPrinciples of human geography
260 _aLondon, UK
_bConstable Publishers
_c1950
300 _axv,511p
942 _cTEXL
_h911, BLA
999 _c1325490
_d1325490